LEADER 00879nam0-22002891--450- 001 990008864520403321 005 20090610125855.0 020 $b1915 3052 035 $a000886452 035 $aFED01000886452 035 $a(Aleph)000886452FED01 035 $a000886452 100 $a20090610d1915----km-y0itay50------ba 101 0 $aita 102 $aIT 105 $ay-------001yy 200 1 $aIn memoria di Alberto Morelli$eparole pronunciate nell'adunanza del 13 Dicembre 1914$e(R. Accademia di scienze, Lettere ed arti di Padova) 210 $aPadova$cTip. G. B. Randi$d1915 215 $a8 p.$din 8° 700 1$aPolacco,$bVittorio$f<1859-1926>$0227941 801 0$aIT$bUNINA$gRICA$2UNIMARC 901 $aBK 912 $a990008864520403321 952 $aBUSTA 24 (4) 23$b35093$fFGBC 959 $aFGBC 996 $aIn memoria di Alberto Morelli$9803923 997 $aUNINA